[Event "RUS-CHN Summit Men 2nd"]
[Site "Moscow"]
[Date "2004.08.10"]
[Round "1"]
[White "Bu, Xiangzhi"]
[Black "Motylev, Alexander"]
[Result "1/2-1/2"]
[WhiteElo "2620"]
[BlackElo "2658"]
[Annotator "Golod,V"]
[PlyCount "100"]
[EventDate "2004.08.10"]
[EventType "schev"]
[EventRounds "6"]
[EventCountry "RUS"]
[SourceTitle "CBM 103"]
[Source "ChessBase"]
[SourceDate "2004.11.11"]
[SourceVersion "1"]
[SourceVersionDate "2004.11.11"]
[SourceQuality "1"]
[WhiteTeam "China"]
[BlackTeam "Russia"]
[WhiteTeamCountry "CHN"]
[BlackTeamCountry "RUS"]

1. d4 Nf6 2. c4 e6 3. Nc3 Bb4 4. Qc2 O-O 5. a3 Bxc3+ 6. Qxc3 b5 7. cxb5 c6 8.
f3 Nd5 9. Qd3 cxb5 ({Leads to more interesting game:} 9... f5 $5 {You can see
my annotations to game: Kiriakov,P-Wells,P/Hastings,2002/CBM 87(1/2-1/2)(44)})
10. e4 Nb6 ({Another playable opportunity is:} 10... Ne7 $5 {You can see my
commnets to Kruppa,Y-Ibragimov,I/Koszalin,1999/CBM 73(1/2-1/2)(28)}) 11. Nh3 f5
$5 {Very agressive and sharp continuation.} ({It deserves more attention:} 
11... Nc6 $5 12. Bg5 (12. b3 $5 {פb6} a5 13. Bf4 $13) 12... f6 13. Bh4 Nc4 {
/\Qa5+} (13... Bb7 $5 {/\d5}) 14. Qc3 a5 $6 (14... d5 $5) 15. Bf2 Ba6 16. Nf4
Nb6 $4 (16... Rc8 17. Bxc4 bxc4 18. d5 $5 $13) 17. Nxe6 $1 {1-0 Neverov,
V-Johansson,J/Pardubice,2000}) 12. Bg5 Qe8 13. Bf4 $1 $146 {[%csl Rd6][%cal
Gf4d6]} ({Too dangerous is:} 13. Qxb5 $6 fxe4 (13... Ba6 $5) 14. fxe4 Qg6 $1 (
14... Bb7 $6 15. Bd3 $14 {Eriksson,J-Nilssen,J/Stockholm,2000(1-0)(47)}) (14...
Ba6 $5 $44) 15. Qe2 (15. Qd3 Bb7 $36) 15... Bb7 16. e5 h6 17. Bc1 Ba6 18. Qd2
Bxf1 19. Rxf1 Nc6 $36 {/\Qe4+}) 13... d5 $1 {Obligatory move.Otherwise,White
will destroy black's developing by putting his bishop on "d6".} 14. exf5 $5 ({
Can't lead to advantage:} 14. Bd6 Rf7 15. Qxb5 $6 Qd8 $1 16. e5 Ba6 17. Qa5 (
17. Qc5 Bxf1 18. Kxf1 Nc4 $1 {[%csl Rc5] and suddenly white's queen almost
trapped:} 19. Ng5 Qe8 $1 {/\Na6} 20. Qb4 (20. Bxb8 $2 Rb7 $1 21. Bd6 (21. b3
$143 Nd2+ 22. Kf2 Nxb3 $19) 21... Rc8 $17 22. b4 $140 Nd2+ 23. Kf2 Nb3 $1)
20... a5 21. Qe1 Rb7 22. Rb1 h6 23. Nh3 Nc6 $36) 17... Bxf1 18. Kxf1 (18. Rxf1
$2 Qh4+ $15) 18... Nc6 19. Qc3 Rc8 $36) ({and also can't be suggested:} 14.
Qxb5 Bd7 {It's clear that black has a powerful counterplay for the pawn:} (
14... Qxb5 $143 15. Bxb5 dxe4 16. fxe4 fxe4 17. Rc1 Bd7 18. Be2 Nc6 $14) 15.
Qe2 fxe4 16. fxe4 e5 $3 {Powerful break!} 17. Bxe5 Bxh3 18. gxh3 Nc6 19. exd5
Nxe5 $1 20. dxe5 (20. Qxe5 $2 Qa4 $1 $40) 20... Rf5 $1 21. e6 Nxd5 22. Qe4 $8 {
It's really difficult to suggest something else.} Qh5 23. Be2 Re5 24. Bxh5
Rxe4+ 25. Kd2 Rxe6 $44 {[%csl Rd2]}) 14... Nc6 (14... e5 $5 15. Bxe5 Bxf5 16.
Qc3 ({Now the accepting of sacrifice Pb5 might be a serious mistake:} 16. Qxb5
$2 Nc6 17. Qe2 Nc4 $17) 16... Bxh3 17. gxh3 {/\Bg2,0-0~~}) 15. Qe3 e5 $5 $13 {
Black decides to open the position completely,though he could play in more
solid way:} (15... Nc4 $5 16. Bxc4 bxc4 17. O-O $11) 16. Bxe5 ({Sharp and not
clear continuation:} 16. dxe5 Bxf5 17. Bxb5 d4 $1 (17... Bxh3 $143 18. gxh3 a6
19. Be2 Nc4 20. Bxc4 dxc4 21. O-O-O {/\Qe4 +/=}) 18. Qb3+ (18. Qd2 $2 Bxh3 19.
gxh3 Nxe5 $1 20. Bxe8 Nxf3+ 21. Ke2 Nxd2 22. Bxd2 Raxe8+ 23. Kd3 Na4 $40) 18...
Be6 19. Qc2 Nb4 $1 20. axb4 Qxb5 $44) 16... Bxf5 17. Bxb5 Nxe5 $5 {[%mdl 512]
Nice tactical bomb.} ({But black also could hack in another way:} 17... Nxd4 $5
18. Qxd4 (18. Bxe8 Nc2+ 19. Kf2 Nxe3 20. Bc6 Rac8 21. Kxe3 Rxc6 {/\Nc4~~})
18... Qxb5 19. Bxg7 $5 (19. a4 Qd7 20. Nf2 Nc4 $13) 19... Rae8+ $1 (19... Rfe8+
$143 20. Kf2 Bxh3 21. gxh3 Re2+ 22. Kg3 $14) 20. Kf2 Qe2+ 21. Kg3 $1 (21. Kg1
$4 Bxh3 22. gxh3 Rf7 23. Bh6 Re6 $19 {[%csl Rg1][%cal Ge6g6]}) 21... Bxh3 22.
Bxf8 (22. Kxh3 $4 Rxf3+ $1 23. g3 (23. gxf3 Qxf3+ 24. Kh4 Re4+) 23... Re4 $19)
22... Qxg2+ 23. Kh4 (23. Kf4 $4 Rxf8+) 23... Re4+ $1 24. Qxe4 $8 (24. fxe4 $4
Qg4#) 24... dxe4 (24... Qf2+ $143 25. Kxh3 dxe4 26. Rhf1 $14) 25. Rhg1 Kxf8 26.
Rxg2 Bxg2 27. fxe4 Bxe4 $11) 18. Bxe8 Nd3+ 19. Qxd3 $8 ({Lead to a terrible
consequences:} 19. Kf1 $2 Raxe8 20. Qd2 ({also badly:} 20. Qg5 {because of:}
Bxh3 21. gxh3 (21. Qg3 Bc8 $1 {/\Ba6-/+}) 21... Rxf3+ 22. Kg2 Rf6 $1 23. Rhc1 (
23. Qd2 $143 Nf4+ 24. Kf3 Ne2+ 25. Kg2 Nc4 $1 $19 {bringing another knight to
the attack.}) 23... Rg6 24. Qxg6 Nf4+ 25. Kf2 Nxg6 $17) 20... Nc4 21. Qc3 Ne3+
22. Ke2 (22. Kg1 $2 Rc8 $1 23. Qd2 Rfe8 $19 {Nothing can protect White from
deciding Rc2.}) 22... Re7 $1 {with such a magnificent knights, it is just
difficult to suggest something to White:} 23. Ng5 (23. Qxd3 $4 Nc4+ $19) (23.
g4 Nxg4+ 24. Kd2 Ne3 $40 25. b3 $140 Rc8 26. Qxd3 Bxd3 27. Kxd3 Nf5 28. Rhe1
Rec7 $17) 23... Nxg2+ 24. Kd2 (24. Kf1 Ngf4 {/\h6}) 24... Rfe8 25. Ne4 dxe4 26.
fxe4 Bxe4 $17) 19... Bxd3 20. Bh5 ({It was weakly:} 20. Bc6 $2 {in view of:}
Rac8 {and white's bishop is trapped:} 21. Kd2 Ba6 22. Rac1 Rf6 23. Bxd5+ Nxd5 {
=/+/-/+}) 20... g6 21. Bg4 Rae8+ 22. Kd2 {[%tqu "En","Find the best
continuation for Black?","","","e8e2","Only and perfect move! After every
other move, white remains with an extra pawn without any compensation:",10,
"d3b5","",0,"d3f5","",0]} Re2+ $1 {[%mdl 512] Only and perfect move! After
every other move, white remains with an extra pawn without any compensation:} (
22... Bb5 $2 23. Rhe1 Nc4+ 24. Kc3 Ne3 25. a4 $1 Bc6 (25... Ba6 $2 26. Bd7 {
/\Bb5+/-/+-}) (25... Nxg2 26. Re5 Ba6 27. Rg1 Nh4 ({even worse:} 27... Ne3 $2
28. Be6+ Rxe6 29. Rxe6 Rc8+ 30. Kb4 Nc2+ 31. Ka5 Bd3 32. Rc1 $18) 28. Rxe8 Rxe8
29. Nf4 $16) 26. Nf2 Nxg2 27. Rxe8 Rxe8 28. Nd3 $5 Re3 29. Kd2 h5 30. Rg1 hxg4
31. Rxg2 Rxf3 32. Rxg4 Bxa4 33. Rxg6+ $16) (22... Bf5 $2 23. Bxf5 Nc4+ (23...
Rxf5 24. b3 {><c4 +-}) 24. Kc3 Rxf5 25. Rhe1 Rc8 26. Rac1 {/\b3} Ne3+ 27. Kd2
Rxc1 28. Rxc1 Nxg2 29. Ng1 $16) 23. Kxd3 Rfe8 $44 {/\R8e3#} 24. Kc3 a5 $1 {
/\R8e3#} 25. Rad1 ({Hardly it was better:} 25. Rhd1 Na4+ 26. Kb3 Nxb2 27. Rdc1
Rb8+ 28. Kc3 (28. Ka2 $4 Nc4+ 29. Rc2 Rxc2#) 28... a4 {/\Rb3#} 29. Be6+ $8 Rxe6
30. Nf4 Ree8 $44) 25... Na4+ 26. Kb3 Nxb2 27. Nf4 (27. Rc1 $2 {is refuted by:}
Rb8+ 28. Kc3 a4 {/\Rb3#} 29. Be6+ $8 Rxe6 30. Nf4 Re3+ 31. Kd2 Rxa3 {/\Nc4 =/+/
-/+}) 27... R8e3+ 28. Rd3 $5 ({Doesn't give any advantage:} 28. Ka2 $6 Nxd1+
29. Nxe2 Rxe2+ 30. Kb3 Ne3 {and Black at least not worse.}) 28... Nxd3 29. Nxe2
Nf2+ 30. Ka4 Nxh1 31. Nf4 Nf2 32. Be6+ Kg7 ({In my opinion a little bit better
was:} 32... Kf8 33. Bxd5 Nd3 34. Nxd3 (34. Ne6+ $143 Ke7 35. Ng5 (35. Nc7 $4
Kd6 $19 {[%csl Rc7,Rd5][%cal Gd6c7,Gd6d5]}) 35... Nf4 $15) 34... Rxd3 35. Kxa5
Rxa3+ $11) 33. Bxd5 Nd1 (33... Nd3 $5 34. Ne6+ Kf6 $11) 34. Kxa5 Rxa3+ 35. Kb4
Ra1 $11 {Now,the draw agreement - its just a matter of time.} 36. Bb3 Ne3 37.
d5 Nf5 38. Ne6+ Kf6 39. g4 Nd6 40. Kc5 Ke7 {Black,in turn,prevent progress
"d6".} 41. Nd4 Rc1+ ({Leads to absolutely equality:} 41... Rh1 42. Ba4 Rxh2 43.
Nc6+ Kd7 44. Nd4+ Ke7 (44... Kc7 $4 45. Ne6+ $18) 45. Nc6+ Kd7 $11) 42. Bc2 g5
{Capture of space and restriction of the white pawns on the king side.} 43. Kc6
h6 44. h3 Ra1 (44... Rh1 $144 45. Kc7 {/\Nc6+} Ne8+ (45... Rc1 46. Kc6 $11) 46.
Kc6 Rxh3 (46... Nd6 47. Kc7 $11) 47. Nf5+ Kd8 (47... Kf6 $2 48. d6 Nxd6 49.
Kxd6 Rxf3 50. Nxh6 {with some chances to win.}) 48. Be4 $11) 45. Kc7 Ra7+ 46.
Kb6 Ra3 47. Nc6+ Kd7 48. Ne5+ {White are obliged to repeat moves.} Ke7 49. Nc6+
Kd7 50. Ne5+ Ke7 {This game was very interesting and important for the theory
of this variant.} 1/2-1/2

[Event "Pune"]
[Site "Pune"]
[Date "2004.09.09"]
[Round "6"]
[White "Harikrishna, Pentala"]
[Black "Nisipeanu, Liviu Dieter"]
[Result "1-0"]
[WhiteElo "2609"]
[BlackElo "2686"]
[Annotator "Golod,V"]
[PlyCount "69"]
[EventDate "2004.09.03"]
[EventType "tourn"]
[EventRounds "9"]
[EventCountry "IND"]
[EventCategory "16"]
[SourceTitle "CBM 104"]
[Source "ChessBase"]
[SourceDate "2005.01.27"]
[SourceVersion "1"]
[SourceVersionDate "2005.01.27"]
[SourceQuality "1"]

1. d4 Nf6 2. c4 e6 3. Nc3 Bb4 4. Qc2 O-O 5. a3 Bxc3+ 6. Qxc3 d6 7. f3 {Maxim
Notkin makes the following comments in www.chesstoday.net: " Both opponents
are trying to quit the well-explored territory. Black has preferred 6...d6 to
the fianchetto while White rejects the main theoretical continuation 7.Bg5.
The text move is the favourite line of Sasikiran. At present time he is the
vice president (or the deputy sheriff) of Indian chess and his opening tastes
obviously influence the younger generation ". Further I shall designate
comments of Maxim Notkin- M.N.} c5 8. dxc5 dxc5 9. Nh3 $5 {White's idea is
very simple: Nf2 (to define a position of the knight) and e3 (taking control
under points "d4" and "e4").} ({Repeatedly were checked up in previous games:} 
9. Bg5 $5 {You can see my comments to Ragozin,E-Aseev,K/St.Petersburg,2000/CBM
76(1-0)(37)}) 9... Nc6 10. Nf2 e5 $5 {Comments to this part of the game and
also to:} (10... h6 {You can find in my annotations to game: Sasikiran,
K-Hansen,C/Esbjerg,2003/CBM 96(1-0)(40)}) 11. e3 e4 $5 12. f4 $1 $146 {M.N. "
Now the ideal scheme of White's attack is as follows: Be2, b3, Bb2, g4 and so
on. Black has certain troubles in finding an antidote to this plan as he gets
no comfortable squares for his knights in the centre ".} ({Recently was
checked up another continuation:} 12. Bd2 Qe7 13. Be2 Ne5 14. f4 Neg4 15. h3
Nxf2 16. Kxf2 b6 17. Rhd1 Rd8 18. Be1 Bb7 19. Qe5 Kf8 20. Kg1 {+/=/= Sasikiran,
K-Ikonnikov,V/Vlissingen,2004(1/2-1/2)(41)}) 12... Ng4 {M.N." Inviting the
opponent to take on e4 which would allow Black to obtain counterplay along the
open central files ".} 13. h3 Nh6 $6 {After this inaccurate move White will
have to fight for equality.} ({It deserves more attention:} 13... Nxf2 14. Kxf2
a5 $1 {/\a4 (><b3)} (14... Qh4+ $143 15. g3 Qh5 16. Be2 Qg6 17. b4 $14) 15. b3
a4 16. Bb2 f6 17. b4 (17. bxa4 $143 Rxa4 $132) 17... Qe7 18. b5 Na5 $13) 14. g4
$1 Qh4 15. Rg1 {M.N." Harikrishna skilfully restricts the black pieces
activity. Queen's penetration is prevented and White is ready again for b3 (or
b4) and Bb2 ".} Rd8 ({M.N." If} 15... f5 16. g5 $1 Nf7 17. g6 hxg6 18. Rxg6 Qh7
19. Rg1 {[%csl Rg7][%cal Gc3g7,Gg1g7,Gc1b2,Gb2b3] and after all White will
complete his development ".}) 16. b4 {All White's pieces have occupied ideal
positions and are ready to opening a position.} Rd1+ $6 {M.N " It's hard to
believe that such a great action can be a blank shot. In fact it was better
for Black to make some developing or prophylactic move though his position is
inferior anyway ".} 17. Ke2 $8 ({Unexpectedly at once loses a game:} 17. Kxd1
$4 Qxf2 {[%csl Rd1,Rg1][%cal Gf2g1,Gf2f3]}) 17... Rd8 $140 18. Bb2 {/^a1-h8;
><g7} f6 ({Leads to hopeless position:} 18... Nd4+ $2 19. exd4 cxd4 20. Qg3 Qf6
(20... Qe7 21. Bg2 e3 (21... d3+ 22. Kd2 $18) 22. Nd3 $18) 21. Ke1 e3 22. Nd3
$18 (22. g5 $2 exf2+ 23. Kxf2 Qg6 $1 24. gxh6 Qc2+ 25. Be2 g6 $13 {[%csl Rb2]
[%cal Gd4d3]})) 19. b5 Ne7 20. Nxe4 {Black loses a pawn, but get rid of
weakness.} Nxg4 $1 {Differently, White will withdraw the pawn from point "g4"
- g5.} 21. Bg2 $1 $16 {M.N." The same method is applied: ignoring the capture
White makes a natural move after which the attacked black piece should already
retreat ".} ({Leads to favourable complications for Black:} 21. hxg4 Bxg4+ 22.
Rxg4 Qxg4+ 23. Kf2 Nf5 $36) 21... Nh6 {[%tqu "En","Can you find nice bomb that
gives to White material advantage?","It is necessary to use a weakness of the
Black's king!","","e4f6","",10]} 22. Nxf6+ $1 gxf6 {It's sole chance for
continuation of struggle.} (22... Kh8 $2 23. Nh5 $1 Nhf5 (23... Qxh5+ $2 24.
Bf3 Qf7 $8 25. Rxg7 $1 $18) 24. Nxg7 Nd4+ (24... Ng3+ 25. Kf3 Kg8 26. Ne6 $18 {
צd8; /\Qg7#}) 25. exd4 cxd4 26. Qd2 Ng6 27. f5 $1 $18) 23. Bxb7+ Kf7 $8 24.
Bxa8 Bxh3 25. Bf3 Bg4 26. Rg2 $2 {M.N. " White defends against Qh2+ retaining
material advantage but very strong was:} (26. Qxf6+ $1 Qxf6 27. Bxf6 Bxf3+ 28.
Kxf3 Kxf6 29. Rad1 $1 $16 {with clear superiority in the ending as all the
lines from "a" to "h" are available to the white rook (s). In such a play R +
P value more than NN ".}) 26... Nef5 ({I can not recommended in this position:
} 26... Bxf3+ 27. Kxf3 Qh3+ 28. Rg3 (28. Kf2 $143 Rd6 {/\Nef5 <=>}) 28... Qh5+
29. Kf2 Qh4 (29... Ng4+ $2 30. Rxg4 Qxg4 31. Qxf6+ Ke8 32. Bc3 $1 $18) 30. e4
$1 (30. Qxf6+ $5 Qxf6 31. Bxf6 Kxf6 32. Rh3 {+/=/+/-}) 30... Qxf4+ $140 31. Kg1
{/\Rf1} Ng4 32. Qf3 (32. Rf1 $4 Rd1 $3 $19 {[%csl Gd1,Gf4,Rg1,Gg4]} 33. Qf3 (
33. Rxd1 Qf2+ 34. Kh1 Qh2#) 33... Rxf1+ 34. Kxf1 (34. Qxf1 Qxg3+) 34... Nh2+)
32... Qxf3 33. Rxf3 {+/-/+-}) 27. Rag1 Bxf3+ 28. Kxf3 Re8 29. Rh2 $5 ({Leads
to drawn game:} 29. Bc1 $2 Nd4+ $1 30. exd4 Nf5 31. Be3 (31. dxc5 Qh3+ 32. Rg3
Qh5+ 33. Rg4 ({M.N "} 33. Kg2 $4 Nh4+ $1 34. Kh2 Nf3+ 35. Kg2 Qh2+ $1 36. Kxf3
Qe2# {".}) 33... Qh3+ $11) 31... Qh3+ (31... Rxe3+ $143 32. Qxe3 Nxe3 33. Kxe3
cxd4+ 34. Ke4 $1 $14) 32. Kf2 (32. Rg3 $4 Nxg3 33. Rxg3 $140 Qf1+ $1 34. Bf2 (
34. Kg4 $2 Rg8+ 35. Kh4 (35. Kf5 Qb1+) 35... Qh1+ 36. Rh3 Qg2 $19) 34... Qh1+
35. Rg2 $8 (35. Kg4 h5+ 36. Kf5 Qe4#) 35... Qh5+ 36. Rg4 $8 (36. Kg3 Rg8#)
36... f5 $17) 32... Qh4+ (32... Rxe3 $2 33. Rg7+ Kf8 (33... Ke6 $4 34. d5+ Kd6
35. Qxf6+) 34. Rg8+ Kf7 35. R1g7+ Nxg7 $8 36. Rxg7+ Kxg7 37. Qxe3 Qh2+ 38. Ke1
$16) 33. Kf3 (33. Rg3 $2 Nxg3 34. Rxg3 Rg8 {[%csl Rf2,Rg3][%cal Gh4h2]}) 33...
Qh3+ 34. Kf2 $11) 29... Rxe3+ 30. Qxe3 Qxh2 31. Qxc5 ({It was dubiously:} 31.
Qf2 {because of:} Qh5+ 32. Ke4 Nd6+ 33. Kd3 Qf5+ 34. Ke2 Nxc4 $13) 31... Nh4+ {
M.N." Black didn't lose after the simplest:} (31... Qxb2 32. Qxa7+ Kf8 33. Qa8+
Kf7 34. Qd5+ Kf8 {The knights don't allow the rook to take part in the hunting.
But 31...Nh4 leaves White no choice and therefore looks very attractive ".})
32. Ke4 Qe2+ 33. Kd5 N6f5 $2 {Painful blunder leading to an immediate loss.} ({
Also immediately loses the game the following move:} 33... Qxb2 $2 {in view of:
} 34. Qxa7+ Kf8 35. Qg7+ Ke8 36. Re1+ Kd8 37. Qf8+ Kc7 38. Re7+ Kb6 39. Qd8#) (
{M.N " The only move was:} 33... N4f5 $1 {restoring the communication between
the knights ".} 34. Qxa7+ Ne7+ 35. Kc5 Nhf5 (35... Qxb2 36. Rg7+ $5 Kxg7 37.
Qxe7+ Nf7 38. Qe3 {[%csl Ga3,Gb5,Gc4][%cal Gb5b6,Ga3a4,Ga4a5]}) 36. Kb6 Qxb2
37. c5 $14) 34. Kc6 $3 $18 {M.N " This excellent move decides ".} Qxb2 ({
Does not rescue:} 34... Ne7+ 35. Kb7 Qxb2 36. Qh5+ Nhg6 (36... Neg6 $144 37. f5
) 37. f5 $18) 35. Qd5+ (35. Qd5+ {With inevitable mate in 6 moves:} Ke7 (35...
Kf8 36. Rg8+ Ke7 37. Qd7#) 36. Qd7+ Kf8 37. Qd8+ Kf7 38. Qg8+ Ke7 39. Qxh7+ Ng7
(39... Ke8 40. Rg8#) (39... Ke6 40. Qd7#) 40. Rxg7+ Ke6 (40... Kd8 41. Rg8#)
41. Re7#) 1-0

[Event "Asia-ch"]
[Site "Kolkata"]
[Date "2001.08.16"]
[Round "10"]
[White "Li, Wenliang"]
[Black "Liang, Chong"]
[Result "1-0"]
[WhiteElo "2494"]
[BlackElo "2556"]
[Annotator "Golod,V"]
[PlyCount "80"]
[EventDate "2001.08.09"]
[EventType "swiss"]
[EventRounds "11"]
[EventCountry "IND"]
[SourceTitle "CBM 085"]
[Source "ChessBase"]
[SourceDate "2001.11.13"]
[SourceVersion "1"]
[SourceVersionDate "2001.11.13"]
[SourceQuality "1"]

1. d4 Nf6 2. c4 e6 3. Nc3 Bb4 4. Qc2 O-O 5. a3 Bxc3+ 6. Qxc3 b6 7. Bg5 Bb7 8.
f3 h6 9. Bh4 d5 10. e3 Nbd7 11. cxd5 exd5 {This,on the first sight, logical
move - the first reason of the future difficulties of black.} (11... Nxd5 $5 {
It's main line.See comments to Sokolov,I-Hansen,C/Malmo,2001/CBM 84 (1-0)
(Golod,V)(41)}) 12. Bd3 Re8 $5 {Besides,black has two options:} (12... c5 13.
Bf5 Qc7 14. Nh3 g6 15. Bxd7 Nxd7 16. O-O Rfe8 17. Nf2 Rac8 18. Qd2 $14 {
1-0 Kasparov,G-Hjartarson,J/Madrid 1988/EXT 97 (32)}) ({and} 12... Qe7 $5 {
See comments to Ionov,S-Lerner,K/St.Petersburg,1992/CBM 30(1-0)(Ftacnik,L) (75)
}) 13. Ne2 $5 ({Repeatedly was checked in the previous games:} 13. Bf5 $5) ({
and} 13. Bf2) 13... a5 $146 {Pleased strange idea.Now,after:14.0-0 strongly
Ba6 (/^a6-f1;פe2),but Black have lost the important tempo.} ({In my opinion,
can be recommended:} 13... c5 $5 {You can see comments to Piket,J-Karpov,A/
Monaco,1999/CBM 70(1/2-1/2)(Piket,J)(52)}) (13... Rxe3 $2 14. Bxf6 (14. Bh7+ $4
Nxh7 $19 {[%csl Rh4]}) 14... Qxf6 15. Bh7+ Kxh7 16. Qxe3 $16 {Alterman,
B-Marinelli,T/Formia,1994(1-0)(35)}) (13... Qe7 14. Bf2 c5 15. O-O Rac8 16. Qd2
Nf8 17. b4 $1 c4 (17... Ne6 $142) 18. Bc2 $14 {Drasko,M-Kalevic,S/Subotica,
1992(1-0)(39)}) 14. Bf5 $5 {[%csl Rd8,Gf5,Rf6,Gh4][%cal Gf5d7] Sample idea for
this position.} Nf8 ({Black do not want to spoil a structure of pawns:} 14...
Ba6 15. Bxd7 Qxd7 16. Bxf6 Bxe2 (16... gxf6 17. Ng3 $14 {[%csl Yg3]} (17. Nf4
$2 Rxe3+ 18. Qxe3 Re8 $15)) 17. Kxe2 (17. Bxg7 $143 Bxf3 18. Bxh6 (18. gxf3 $5)
18... Bxg2 19. Rg1 Qh3 20. O-O-O Qxh6 21. Rxg2+ Kh8 $132) 17... gxf6 18. Rac1)
15. O-O {Now it is necessary to forget about progress "c5".} c6 16. Bf2 $14 {
[%csl Yf2][%cal Yf2e3][%mdl 32]} Ng6 17. Rfe1 Ne7 18. Bc2 {White's plan is:Ng3
and e4.} Nc8 $5 {[%cal Yc8d6] Liang Chong use the best efforts to not admit
progress " e4".} (18... Rc8 $143 {[%cal Gc6c5]} 19. b4 $14) 19. Ng3 Nd6 20.
Rad1 {It is not necessary to hasten:} (20. e4 dxe4 21. fxe4 Ng4 $1 {[%csl Rf2]}
) 20... g6 21. h3 {[%csl Yh3][%cal Yh3g4]} h5 22. Nf1 {[%cal Ge3e4,Yf1d2][%mdl
32]} ({Again pretty dubiously:} 22. e4 {in view of:} dxe4 23. Nxe4 (23. fxe4 $2
h4 $17 {[%csl Re4,Yg3]}) 23... Nd5 $11) 22... Rc8 {[%cal Gc6c5]} ({From my
point of view,a little bit better is:} 22... Re6 23. Nd2 Qe8 24. Bd3 $140 Ba6)
23. b4 {[%csl Yb4,Yd4] It is clear, that it is impossible to admit progress"
c5".} axb4 24. axb4 Re6 25. Nd2 {[%cal Ge3e4]} Qe7 {[%csl Yd5,Yd6,Ye6,Ye7,Yf6]}
26. Bd3 $5 {/^a6-f1} Ra8 27. Kh1 {White to not hurry up to begin active
actions and wait the suitable moment for this purpose.} Qe8 28. Bc2 {[%csl Yc3]
[%cal Yc3e3] /\Bh4(><e4)} Ba6 29. Bh4 $1 {[%csl Yf6][%cal Gh4f6]} Nc4 $6 {
[%mdl 16384]} ({More stubborn resistance after:} 29... Nb5 30. Qb2 Qd7 31. e4
$36) 30. Nxc4 Bxc4 31. e4 $16 {At last,Li Wenliang has carried out the plan.}
Nd7 32. f4 $1 {->} Ra2 33. e5 {[%cal Gf4f5]} f5 ({Leads to hopeless position:} 
33... c5 34. Bb1 Ra8 35. bxc5 bxc5 36. dxc5 Nxc5 37. f5 Rea6 38. e6 $16 {
[%csl Ge6,Gf5,Rf7,Rg6]}) 34. Ra1 $5 {[%mdl 32] <->a} ({Also good enough:} 34.
exf6 $5 Re2 (34... Nxf6 35. Bxf6 Rxc2 36. Rxe6 Qxe6 37. Qxc2 Qxf6 38. Re1 $18)
35. Bb1 $1 Rxe1+ 36. Rxe1 Re2 37. Rxe2 Qxe2 38. Kh2 Nf8 39. Qg3 Kf7 40. f5 $18)
34... Ra8 35. Rxa8 Qxa8 36. Ra1 Qb7 37. Qg3 {Black are helpless.The white
pieces easily develop decisive attack.} Kh7 ({Also loses:} 37... Kf7 38. Qg5
Nf8 39. g4 $1 hxg4 40. hxg4 Nh7 41. Qh6 $18) 38. Qg5 Nf8 (38... Be2 {[%csl Ye2,
Rg4,Rh5][%cal Ye2h5] is refuted by:} 39. Bxf5 $1 gxf5 40. Qxf5+ Rg6 41. e6 Nb8
$140 42. e7 {[%csl Ge7][%cal Ge7e8]}) 39. Qd8 Qf7 40. Ra8 Kg8 {Black resigns,
because of next variant:} (40... Kg8 41. Bg5 Kg7 42. Rc8 {[%cal Gc8c7]} Kg8 43.
Bh6 {[%csl Rf8]}) (40... Kg7 $144 41. Rc8 {[%cal Gc8c7]} Kg8 42. Bf6 c5 43. Rc7
Qe8 44. Rg7+ Kh8 45. Re7+) 1-0